Transactions of the American Society of Civil Engineers (Record no. 544912)

000 -LEADER
fixed length control field 00518nam a22001577a 4500
020 ## - INTERNATIONAL STANDARD BOOK NUMBER
International Standard Book Number 087262692X
082 ## - DEWEY DECIMAL CLASSIFICATION NUMBER
Classification number 620.0091415
Author Mark TRA
-- N-01,P-109
110 ## - MAIN ENTRY--CORPORATE NAME
Corporate name or jurisdiction name as entry element American Society of Civil Engineers
9 (RLIN) 702
245 ## - TITLE STATEMENT
Title Transactions of the American Society of Civil Engineers
Statement of responsibility, etc. American Society of Civil Engineers
250 ## - EDITION STATEMENT
Edition statement volumn154
260 ## - PUBLICATION, DISTRIBUTION, ETC.
Place of publication, distribution, etc. New York :
Name of publisher, distributor, etc. Published by the Society,
Date of publication, distribution, etc. 1989
300 ## - PHYSICAL DESCRIPTION
Extent 568p.:
Other physical details ill, ;
Dimensions 15 cm.
526 ## - STUDY PROGRAM INFORMATION NOTE
Program name 0
Interest level 0
Reading level 0
Title point value 620_009141500000000_TRA
650 ## - SUBJECT ADDED ENTRY--TOPICAL TERM
Topical term or geographic name entry element MCE
9 (RLIN) 379
942 ## - ADDED ENTRY ELEMENTS (KOHA)
Source of classification or shelving scheme
Koha item type Book
Holdings
Withdrawn status Lost status Source of classification or shelving scheme Damaged status Not for loan Permanent Location Current Location Date acquired Total Checkouts Full call number Barcode Date last seen Price effective from Koha item type
          Military College of Engineering (MCE) Military College of Engineering (MCE) 05/14/2014   620.0091415 TRA MCE-37265 05/14/2014 05/14/2014 Book
© 2023 Central Library, National University of Sciences and Technology. All Rights Reserved.